MATEMATIK. (Record no. 141949)

MARC details
000 -LEADER
fixed length control field 01161aam a2200361 i 4500
001 - CONTROL NUMBER
control field vtls000846687
003 - CONTROL NUMBER IDENTIFIER
control field PNM
005 - DATE AND TIME OF LATEST TRANSACTION
control field 20180728150029.0
007 - PHYSICAL DESCRIPTION FIXED FIELD--GENERAL INFORMATION
fixed length control field fb u un a
008 - FIXED-LENGTH DATA ELEMENTS--GENERAL INFORMATION
fixed length control field 180208s2015 a ff 000 0 may d
020 ## - INTERNATIONAL STANDARD BOOK NUMBER
Qualifying information paperback
039 #9 - LEVEL OF BIBLIOGRAPHIC CONTROL AND CODING DETAIL [OBSOLETE]
Level of rules in bibliographic description 201803210821
Level of effort used to assign nonsubject heading access points marsila
Level of effort used to assign subject headings 201803071158
Level of effort used to assign classification marsila
Level of effort used to assign subject headings 201803070757
Level of effort used to assign classification faezah
Level of effort used to assign subject headings 201803060830
Level of effort used to assign classification faezah
040 ## - CATALOGING SOURCE
Original cataloging agency PNM
Language of cataloging eng
Transcribing agency PNM
Description conventions rda
Modifying agency PPAK
082 04 - DEWEY DECIMAL CLASSIFICATION NUMBER
Classification number 513.076
Edition number 23
090 00 - LOCALLY ASSIGNED LC-TYPE CALL NUMBER (OCLC); LOCAL CALL NUMBER (RLIN)
Classification number (OCLC) (R) ; Classification number, CALL (RLIN) (NR) 513.076
Feature heading CHA
Feature heading RKOKU
100 1# - MAIN ENTRY--PERSONAL NAME
Personal name Chan, Yook Lean,
Relator term author.
245 10 - TITLE STATEMENT
Title MATEMATIK.
Number of part/section of a work TAHUN 6.
-- JILID 1-9 /
Statement of responsibility, etc. Chan Yook Lean, Marzita Puteh
250 ## - EDITION STATEMENT
Edition statement EDISI 2015
264 #1 - PRODUCTION, PUBLICATION, DISTRIBUTION, MANUFACTURE, AND COPYRIGHT NOTICE
Place of production, publication, distribution, manufacture Kuala Lumpur :
Name of producer, publisher, distributor, manufacturer [KL Braille Resources],
Date of production, publication, distribution, manufacture, or copyright notice [2015?]
300 ## - PHYSICAL DESCRIPTION
Extent 9 volumes :
Other physical details illustrations ;
Dimensions 29 cm
336 ## - CONTENT TYPE
Content type term tactile text
Source rdacontent
337 ## - MEDIA TYPE
Media type term unmediated
Source rdamedia
338 ## - CARRIER TYPE
Carrier type term volume
Source rdacarrier
500 ## - GENERAL NOTE
General note The book has been place it at OKU ROOM PPAK Alor Setar
General note Year 6
General note Primary school
546 ## - LANGUAGE NOTE
Language note Malay
Information code or alphabet braille
650 10 - SUBJECT ADDED ENTRY--TOPICAL TERM
Topical term or geographic name entry element Arithmetic
Form subdivision Problems, exercises, etc.
Topical term or geographic name entry element Arithmetic
Form subdivision Textbooks
Topical term or geographic name entry element Braille books
700 0# - ADDED ENTRY--PERSONAL NAME
Personal name Marzita Puteh,
Relator term author.
942 ## - ADDED ENTRY ELEMENTS (KOHA)
Source of classification or shelving scheme Dewey Decimal Classification
Koha item type Book
Holdings
Withdrawn Materials specified (bound volume or other part) Not for loan Current library Shelving location Date acquired Serial Enumeration / chronology Full call number Barcode Date last seen Koha item type
  bound Not For Loan Perpustakaan Alor Setar Rujukan Kanak-kanak OKU 08/04/2018 Jilid 1/9 RKOKU 513.076 CHA A01556771 08/04/2018 Book
  bound Not For Loan Perpustakaan Alor Setar Rujukan Kanak-kanak OKU 08/04/2018 Jilid 2/9 RKOKU 513.076 CHA A01556772 08/04/2018 Book
  bound Not For Loan Perpustakaan Alor Setar Rujukan Kanak-kanak OKU 08/04/2018 Jilid 3/9 RKOKU 513.076 CHA A01556773 08/04/2018 Book
  bound Not For Loan Perpustakaan Alor Setar Rujukan Kanak-kanak OKU 08/04/2018 Jilid 4/9 RKOKU 513.076 CHA A01556774 08/04/2018 Book
  bound Not For Loan Perpustakaan Alor Setar Rujukan Kanak-kanak OKU 08/04/2018 Jilid 5/9 RKOKU 513.076 CHA A01556775 08/04/2018 Book
  bound Not For Loan Perpustakaan Alor Setar Rujukan Kanak-kanak OKU 08/04/2018 Jilid 6/9 RKOKU 513.076 CHA A01556776 08/04/2018 Book
  bound Not For Loan Perpustakaan Alor Setar Rujukan Kanak-kanak OKU 08/04/2018 Jilid 7/9 RKOKU 513.076 CHA A01556777 08/04/2018 Book
  bound Not For Loan Perpustakaan Alor Setar Rujukan Kanak-kanak OKU 08/04/2018 Jilid 8/9 RKOKU 513.076 CHA A01556778 08/04/2018 Book
  bound Not For Loan Perpustakaan Alor Setar Rujukan Kanak-kanak OKU 08/04/2018 Jilid 9/9 RKOKU 513.076 CHA A01556779 08/04/2018 Book